Scared Of Loving You-Selena Gomez, benny blanco (All Lyrics) - Statistics

General Stats
  • This quiz has been taken 7 times
  • The average score is 146 of 161
Answer Stats
Lyrics % Correct
a
100%
and
100%
anyone
100%
as
100%
As
100%
'Cause
100%
could
100%
do?
100%
do
100%
don't
100%
dyin'
100%
fast
100%
hold
100%
Hope
100%
how
100%
I
100%
I'm
100%
just
100%
losin'
100%
love
100%
lovin'
100%
me
100%
much
100%
not
100%
of
100%
or
100%
Or
100%
repeat
100%
scared
100%
they
100%
to
100%
too
100%
was
100%
When
100%
would
100%
Would
100%
you
100%
young,
100%
young
100%
arm,
75%
back?
75%
back
75%
broke
75%
cast?
75%
find
75%
fit
75%
get
75%
gonna
75%
hand?
75%
heart,
75%
If
75%
if
75%
laugh
75%
lose
75%
my
75%
new
75%
past
75%
photographed
75%
promise
75%
side?
75%
sign
75%
somebody
75%
take
75%
throw
75%
your
75%
you're
75%
'em
50%
let
50%
shit,
50%
lie,
25%
sell
25%
send
25%
No matching quizzes found
Score Distribution
Percent of People with Each Score
Percentile by Number Answered
Your Score History
You have not taken this quiz